| 000 | 00606nam a22001697a 4500 | ||
|---|---|---|---|
| 005 | 20240119091451.0 | ||
| 008 | 240119b |||||||| |||| 00| 0 eng d | ||
| 020 | _a0409003301 ; 0409003603 | ||
| 041 | _aEnglish | ||
| 082 | _a349 JOU | ||
| 100 |
_aJoubert, WA and Scott, TJ _lEnglish |
||
| 245 |
_aThe Law of South Africa : Licensing to Malicious Proceedings and Prosecution / _cWA Joubert and TJ Scott |
||
| 260 |
_aDurban : _bButterworth and Company (Pty) Ltd, _c1981 |
||
| 300 |
_bviii, 491 pages ; _c26 cm. |
||
| 650 |
_aLegal practice _bLaw |
||
| 942 |
_cBK _6ALISON_BN_VRIES |
||
| 999 |
_c1253 _d1253 |
||